| 000 | 01070pam a2200301 a 4500 | ||
|---|---|---|---|
| 001 | 2544 | ||
| 005 | 20231214155807.0 | ||
| 020 | _a0385311699 | ||
| 020 | _a9780545324335 | ||
| 040 |
_aDLC _cDLC _dDLC _beng |
||
| 050 | 0 | 0 |
_aPZ7.P2843 _bMi 1994 |
| 082 | 0 | 0 |
_a813.54 _220 |
| 100 | 1 | _aPaulsen, Gary | |
| 245 | 1 | 0 |
_aMr. Tucket / _cGary Paulsen |
| 250 | _aFirst Scholastic printing, November 2010 | ||
| 260 |
_aNew York : _bScholastic, _c1994 |
||
| 300 |
_a166 pages : _c22 cm |
||
| 505 | _aP | ||
| 520 | _aIn 1848, while on a wagon train headed for Oregon, fourteen-year-old Francis Tucket is kidnapped by Pawnee Indians and then falls in with a one-armed trapper who teaches him how to live in the wild. | ||
| 521 |
_a830 _bLexile |
||
| 521 |
_aP _bRaz-Plus |
||
| 650 | 1 |
_aFrontier and pioneer life _zWest (U.S.) _xFiction. |
|
| 650 | 1 |
_aPawnee Indians _xFiction. |
|
| 650 | 1 |
_aIndians of North America _zGreat Plains _xFiction. |
|
| 650 | 1 |
_aOverland journeys to the Pacific _xFiction. |
|
| 906 |
_a7 _bcbc _corignew _d1 _eocip _f19 _gy-gencatlg |
||
| 942 |
_2ddc _cBK _n0 |
||
| 999 |
_c2544 _d2544 |
||